000 00898nam a22003017a 4500
001 BR2013004845
003 BR-BrBNA
005 20230928104213.0
007 ta
008 230509b bl.||||| |||| 00| 0 por d
040 _aBR-BrBNA
_bpor
_cBiblioteca Nacional de Agricultura
041 _a(Por)
072 _aQ03
_b9600
090 _ 9600 BR2013004845
100 1 _aBraga, A.
245 1 _aOs ovos sob os aspectos médico, bacteriológico e sanitário
_bBoletim do Instituto Vital Brazil Nº 21
260 3 _aRio de Janeiro, RJ (Brasil):
_c1938.
300 _a123 p.
500 _aIncludes several bibliographies; Summaries (Fre, Por); 12 illus.; 7 tables
650 _aOVO
650 _aBACTERIOLOGIA
650 _aCONTAMINAÇÃO
650 _aLEGISLAÇÃO
650 _aEXPORTAÇÃO
650 _aINSPEÇÃO SANITÁRIA
909 _a202309
_bLucia
_c55
_dLucia Elande
942 _cBK
999 _c78670
_d78670